000 00450nam a2200181Ia 4500
003 GCL
008 140319s9999 xx 000 0 eng d
040 _aGCL /
_cGCL
082 0 4 _a657
_bG A
100 1 _aGLOUTIER, M.W.E.
245 1 0 _aACCOUNTING PRACTICE /
_cGLOUTIER, M.W.E.
700 1 _aUNDERDOUWN, B
260 _a[S.N] :
_bPITMAN PUBLISHING ،
_c1994
300 _a462 P
650 0 4 _aBUSINESS
650 0 4 _aACCOUNTING
942 _2ddc
_cBK
999 _c14130
_d14130